Procedimiento penal : (Registro nro. 4426)

Detalles MARC
000 -LEADER
fixed length control field 00839nam a2200205Ia 4500
003 - CONTROL NUMBER IDENTIFIER
control field OSt
005 - DATE AND TIME OF LATEST TRANSACTION
control field 20200818123910.0
008 - FIXED-LENGTH DATA ELEMENTS--GENERAL INFORMATION
fixed length control field 191128s1980 ck fr 000 0 spa d
020 ## - INTERNATIONAL STANDARD BOOK NUMBER
International Standard Book Number 8482721194
040 ## - CATALOGING SOURCE
Original cataloging agency CO-JMCR
Transcribing agency CO-JMCR
041 0# - LANGUAGE CODE
Language code of text/sound track or separate title spa
082 04 - DEWEY DECIMAL CLASSIFICATION NUMBER
Classification number 345.2 /
Item number G993p
Edition number 23
100 1# - MAIN ENTRY--PERSONAL NAME
Personal name Guzmán Díaz, Carlos Andrés,
Relator term autor
9 (RLIN) 8851
245 10 - TITLE STATEMENT
Title Procedimiento penal :
Remainder of title aplicado /
Statement of responsibility, etc. Carlos A. Guzmán Díaz
260 ## - PUBLICATION, DISTRIBUTION, ETC.
Place of publication, distribution, etc. Bogotá :
Name of publisher, distributor, etc. Temis,
Date of publication, distribution, etc. 1980
300 ## - PHYSICAL DESCRIPTION
Extent 575 páginas ;
Dimensions 23 cm.
505 0# - FORMATTED CONTENTS NOTE
Formatted contents note Antecedentes históricos del código de procedimiento penal -- La ley penal -- De la Constitución Nacional -- Acción penal -- De la acción civil -- Jurisdicción y competencia -- Generalidades --Nombramiento dentro del proceso penal -- Recursos ordinarios
650 14 - SUBJECT ADDED ENTRY--TOPICAL TERM
Topical term or geographic name entry element Procedimiento penal
Geographic subdivision Colombia
9 (RLIN) 8846
942 ## - ADDED ENTRY ELEMENTS (KOHA)
Source of classification or shelving scheme Dewey Decimal Classification
Koha item type Books
Existencias
Withdrawn status Lost status Source of classification or shelving scheme Damaged status Not for loan Home library Current library Date acquired Source of acquisition Full call number Barcode Date last seen Copy number Koha item type
    Dewey Decimal Classification     Biblioteca Pública José María del Castillo y Rada Biblioteca Pública José María del Castillo y Rada 04/15/2018 Donación 345.2 / G993p 201809288 05/16/2024 Ej.1 Books